000 00687nam a2200205 a 4500
001 000018996
005 20200929165911.0
008 100521nuuuuuuuuve r 000 p spa d
020 _a9806081706
040 _aDO-SdBNP
_bspa
_cBNPHU
082 _aV861.44
_bG939m
100 1 _aGuevara, Maximiliano,
_d1932-
_940874
245 1 0 _aMirada y Rumbo /
_cMaximiliano Guevara.
260 _aCojedes, Venezuela :
_bInstituto Universitario de Tecnología Alonso Gamero (IUTAG),
_c[s. f.].
300 _a35 p. ;
_c21 cm.
500 _aIncluye referencia biográfica del autor en la contracubierta
650 4 _aPoesía venezolana
_94230
650 4 _aLiteratura venezolana
_93816
049 _aBNGR
999 _c18514
_d18514